000 00469cam a22001451 4500
005 20250901165505.0
008 720427s1952 xx 000 0 eng
010 _a 52005394
050 0 0 _aGR 110.M6 D6
_bD6
100 1 _aDorson, Richard M.
_q(Richard Mercer),
_d1916-1981.
245 1 0 _aBloodstoppers & bearwalkers;
_bfolk traditions of the Upper Peninsula.
260 _aCambridge,
_bHarvard University Press,
_c1952.
300 _a305 p.
_bports.
_c22 cm.
942 _2ddc
999 _c4808
_d4808